<?xml version="1.0" encoding="UTF-8"?><?xml-stylesheet type="text/xsl" href="static/style.xsl"?><OAI-PMH xmlns="http://www.openarchives.org/OAI/2.0/" xmlns:xsi="http://www.w3.org/2001/XMLSchema-instance" xsi:schemaLocation="http://www.openarchives.org/OAI/2.0/ http://www.openarchives.org/OAI/2.0/OAI-PMH.xsd"><responseDate>2026-04-17T07:47:31Z</responseDate><request verb="GetRecord" identifier="oai:www.recercat.cat:2072/453950" metadataPrefix="marc">https://recercat.cat/oai/request</request><GetRecord><record><header><identifier>oai:recercat.cat:2072/453950</identifier><datestamp>2026-02-11T20:24:43Z</datestamp><setSpec>com_2072_98</setSpec><setSpec>col_2072_378196</setSpec></header><metadata><record xmlns="http://www.loc.gov/MARC21/slim" xmlns:dcterms="http://purl.org/dc/terms/" xmlns:xsi="http://www.w3.org/2001/XMLSchema-instance" xmlns:doc="http://www.lyncode.com/xoai" xsi:schemaLocation="http://www.loc.gov/MARC21/slim http://www.loc.gov/standards/marcxml/schema/MARC21slim.xsd">
   <leader>00925njm 22002777a 4500</leader>
   <datafield ind2=" " ind1=" " tag="042">
      <subfield code="a">dc</subfield>
   </datafield>
   <datafield ind2=" " ind1=" " tag="720">
      <subfield code="a">Hernández Pérez, Oskar</subfield>
      <subfield code="e">author</subfield>
   </datafield>
   <datafield ind2=" " ind1=" " tag="720">
      <subfield code="a">Universitat Oberta de Catalunya. Màster en Societat de la Informació i el Coneixement</subfield>
      <subfield code="e">author</subfield>
   </datafield>
   <datafield ind2=" " ind1=" " tag="260">
      <subfield code="c">2014</subfield>
   </datafield>
   <datafield ind2=" " ind1=" " tag="520">
      <subfield code="a">Trabajo Final del Máster Oficial (EEES) en Sociedad de la Información y el Conocimiento, orientación investigadora. Universitat Oberta de Catalunya</subfield>
   </datafield>
   <datafield ind2=" " ind1=" " tag="520">
      <subfield code="a">Este Trabajo resultó galardonado con el segundo premio al proyecto universitario más innovador en el ámbito de la gestión de la información y la documentación, convocado por la Sociedad Española de Información y Documentación (SEDIC) en 2014</subfield>
   </datafield>
   <datafield ind2=" " ind1=" " tag="520">
      <subfield code="a">El trabajo en equipo y en red estructura gran parte de los procesos, tareas y dinámicas que se desarrollan hoy en día dentro de las organizaciones: la naturaleza intrínsecamente cooperativa del trabajo en grupo genera nuevas relaciones con la información que se manifiestan en conductas informacionales colaborativas en los procesos de búsqueda, recuperación, uso y difusión de la información. Esta investigación ha tenido como objetivo estudiar un caso específico de conducta informacional colaborativa en grupos completamente en línea que se constituyeron, desarrollaron su actividad y se disolvieron en el entorno virtual de aprendizaje del Campus Virtual de la UOC. Metodológicamente, se desarrolló un enfoque analítico multidimensional construido a partir de un sistema de factores interrelacionados en tres dimensiones: comunicativa, tecnológico-informacional y social. Se llevó a cabo un estudio de campo con el propósito de recoger datos sobre las prácticas informacionales colaborativas de tres grupos completamente en línea empleando técnicas cualitativas (etnometodológicas) y también técnicas cuantitativas. Los resultados de esta investigación enfatizan la influencia de los factores relacionales (estilo de liderazgo, grado de cohesión grupal, normas internas del grupo) en el desarrollo de prácticas informacionales colaborativas más efectivas.</subfield>
   </datafield>
   <datafield tag="653" ind2=" " ind1=" ">
      <subfield code="a">Universitat Oberta de Catalunya</subfield>
   </datafield>
   <datafield tag="653" ind2=" " ind1=" ">
      <subfield code="a">Treball en equip</subfield>
   </datafield>
   <datafield tag="653" ind2=" " ind1=" ">
      <subfield code="a">Ensenyament assistit per ordinador</subfield>
   </datafield>
   <datafield tag="653" ind2=" " ind1=" ">
      <subfield code="a">Conducta informacional colaborativa</subfield>
   </datafield>
   <datafield tag="653" ind2=" " ind1=" ">
      <subfield code="a">Trabajo en equipo</subfield>
   </datafield>
   <datafield tag="653" ind2=" " ind1=" ">
      <subfield code="a">Grupos en línea</subfield>
   </datafield>
   <datafield tag="653" ind2=" " ind1=" ">
      <subfield code="a">Entornos virtuales de aprendizaje</subfield>
   </datafield>
   <datafield tag="653" ind2=" " ind1=" ">
      <subfield code="a">Estudio de casos</subfield>
   </datafield>
   <datafield tag="653" ind2=" " ind1=" ">
      <subfield code="a">Collaborative information behaviour</subfield>
   </datafield>
   <datafield tag="653" ind2=" " ind1=" ">
      <subfield code="a">Teamwork</subfield>
   </datafield>
   <datafield tag="653" ind2=" " ind1=" ">
      <subfield code="a">Online groups</subfield>
   </datafield>
   <datafield tag="653" ind2=" " ind1=" ">
      <subfield code="a">Virtual learning environments</subfield>
   </datafield>
   <datafield tag="653" ind2=" " ind1=" ">
      <subfield code="a">Case study</subfield>
   </datafield>
   <datafield tag="653" ind2=" " ind1=" ">
      <subfield code="a">Cerca d'informació col·laborativa</subfield>
   </datafield>
   <datafield tag="653" ind2=" " ind1=" ">
      <subfield code="a">Entorn virtual d'aprenentatge</subfield>
   </datafield>
   <datafield ind2="0" ind1="0" tag="245">
      <subfield code="a">Conducta informacional colaborativa en grupos completamente en línea : estudio de caso en las aulas del campus Virtual de la UOC</subfield>
   </datafield>
</record></metadata></record></GetRecord></OAI-PMH>